书目信息 |
| 题名: |
白化文文集
|
|
| 作者: | 白化文 著 | |
| 分册: | 第四卷 敦煌学与佛教杂稿 | |
| 出版信息: | 北京 中国书籍出版社 2017 |
|
| 页数: | 379页 | |
| 开本: | 23cm | |
| 丛书名: | ||
| 单 册: | ||
| 中图分类: | C532 , I267.1 | |
| 科图分类: | ||
| 主题词: | 随笔--中国--当代--选集 | |
| 电子资源: | ||
| ISBN: | 978-7-5068-6397-1 | |
| 000 | 00955nam0 2200253 45 | |
| 001 | 012001005515 | |
| 005 | 20181010094147.06 | |
| 010 | @a978-7-5068-6397-1@dCNY58.00 | |
| 100 | @a20171222d2017 em y0chiy50 ea | |
| 101 | 0 | @achi |
| 102 | @aCN@b110000 | |
| 105 | @ay z 000cy | |
| 106 | @ar | |
| 200 | 1 | @a白化文文集@9bai hua wen wen ji@h第四卷@i敦煌学与佛教杂稿@f白化文著 |
| 210 | @a北京@c中国书籍出版社@d2017 | |
| 215 | @a379页@d23cm | |
| 330 | @a本书主要收录“阐明或说希望表扬诸位大名家的优秀著作的小文及相关文字”“以为传道之助”。编辑仍旧本此宗旨,除调出几篇关于北京的人和事的文章,主要是把别书中寿辞、碑文都集中调整了过来。分辑则是将序言与自序合为一辑,另增一辑“寿辞和碑文”。 | |
| 517 | 1 | @a敦煌学与佛教杂稿@9dun huang xue yu fo jiao za gao |
| 606 | 0 | @a随笔@y中国@z当代@j选集 |
| 690 | @aC532@v5 | |
| 690 | @aI267.1@v5 | |
| 701 | 0 | @a白化文@9bai hua wen@4著 |
| 801 | 0 | @aCN@b上海新华@c20180901 |
| 905 | @b1174219-20@dC532@e398:4@f2 | |
| 白化文文集.第四卷.敦煌学与佛教杂稿/白化文著.-北京:中国书籍出版社,2017 |
| 379页;23cm |
| ISBN 978-7-5068-6397-1:CNY58.00 |
| 本书主要收录“阐明或说希望表扬诸位大名家的优秀著作的小文及相关文字”“以为传道之助”。编辑仍旧本此宗旨,除调出几篇关于北京的人和事的文章,主要是把别书中寿辞、碑文都集中调整了过来。分辑则是将序言与自序合为一辑,另增一辑“寿辞和碑文”。 |
| ● |
| 相关链接 |
|
|
|
|
正题名:白化文文集
索取号:C532/398:4
 
预约/预借
| 序号 | 登录号 | 条形码 | 馆藏地/架位号 | 状态 | 备注 |
| 1 | 1174219 | 211742195 | 第一样本阅览室/ [索取号:C532/398:4] | 在馆 | |
| 2 | 1174220 | 211742202 | 第一借阅区/ [索取号:C532/398:4] | 在馆 |